000
00281nam a2200109Ia 4500
008
190914s9999||||xx |||||||||||||| ||und||
100
_a
Nelson Mandela
245
0
_a
Aazadi Ka Taweel Safar : Khudnost Sawanahe Hayaat
260
_a
Islamabad
_b
Leaf
_c
2004
300
_a
219
942
_c
BK
999
_c
8951
_d
8951